Khảo sát địa danh ở Hà Tĩnh Luận án tiến sĩ ngữ văn. Chuyên ngành: Lý luận ngôn ngữ. Mã số: 62.22.01.01

Uloženo v:
Podrobná bibliografie
Hlavní autor: Nguyễn, Văn Loan
Další autoři: Nguyễn, Hoài Nguyên (Hướng dẫn), Nguyễn, Nhã Bản (Hướng dẫn)
Médium: Diplomová práce Souprava Kniha
Jazyk:Vietnamese
Vydáno: Vinh Đại học Vinh 2012
Témata:
Tagy: Přidat tag
Žádné tagy, Buďte první, kdo otaguje tento záznam!
Thư viện lưu trữ: Trung tâm Học liệu Lê Vũ Hùng, Trường Đại học Đồng Tháp
LEADER 01233ppm a22003138a 4500
001 00033818
005 20171026081025.0
008 151230s2012 ||||||viesd
041 0 # |a vie 
082 1 4 |a 915.974 3  |b KH108S 
100 1 # |a Nguyễn, Văn Loan 
245 0 0 |c Nguyễn Văn Loan; Nguyễn Nhã Bản, Nguyễn Hoài Nguyên (hướng dẫn)  |a Khảo sát địa danh ở Hà Tĩnh  |b Luận án tiến sĩ ngữ văn. Chuyên ngành: Lý luận ngôn ngữ. Mã số: 62.22.01.01 
260 # # |a Vinh  |b Đại học Vinh  |c 2012 
300 # # |a 217 tr. +phụ lục  |b minh họa  |c 30cm.  |e 1 bản tóm tắt 
500 # # |a ĐTTS ghi: Bộ Giáo dục và đào tạo. Trường Đại học Vinh 
653 # # |a Hà Tĩnh 
653 # # |a Khảo sát 
653 # # |a Địa danh 
653 # # |a Tên gọi 
653 # # |a Luận án 
700 1 # |a Nguyễn, Hoài Nguyên  |e Hướng dẫn 
700 1 # |a Nguyễn, Nhã Bản  |e Hướng dẫn 
852 # # |j LA.0000035 
852 # # |b Kho đọc SĐH  |j LA.0000035 
910 |d 30/12/2015 
980 # # |a Trung tâm Học liệu Lê Vũ Hùng, Trường Đại học Đồng Tháp